| 000 | 00590 a2200181 4500 | ||
|---|---|---|---|
| 999 |
_c5226 _d5226 |
||
| 010 | _aENG-86785 | ||
| 020 |
_a8183187449 _c110.00 |
||
| 035 | _aEN-70318 | ||
| 037 | _bDBAD / PUB | ||
| 082 | 0 | 0 | _a657.42 |
| 100 | 1 | _aArora, M.N. | |
| 245 | 1 | 0 |
_aCost accounting : _cby M.N. Arora ; assisted by Abhijit Das _btheory, problems and solutions / |
| 260 |
_aMumbai _bHimalaya Publishing House _c2007 |
||
| 270 |
_a"Ramdoot", Dr. Bhalerao Marg, Girgaon _bMumbai _e400 004 |
||
| 300 |
_avarious pagings _c24 cm (Pbk) |
||
| 700 | _aDas, Abhijit | ||
| 942 |
_adpl _cEN _2ddc _h657.42 _mARO |
||